TÜRK DİLLERİ VE HALKLARI (Record no. 1070871)

MARC details
000 -LEADER
sabit uzunluktaki kontrol alanı 00265nam a2200097Ia 4500
001 - KONTROL NUMARASI
kontrol alanı 1070871
005 - EN SON İŞLEMİN TARİH VE ZAMANI
kontrol alanı 20250827002114.0
008 - SABİT-UZUNLUKTA VERİ ÖĞELERİ--GENEL BİLGİ
sabit uzunluktaki kontrol alanı 250824s9999 xx 000 0 und d
245 #0 - ESER / YAZAR
ESER ADI TÜRK DİLLERİ VE HALKLARI
Yazar Adı KARL H. MENGES
260 ## - YAYIN, DAĞITIM, VB.
YAYIN EVİ TÜRK DİL KURUMU YAYINLARI
Holdings
Düşüm durumu Kayıp durumu Hasar Durumu Ödünç verilmez Ana kütüphane Geçerli Kütüphane Edinilen tarih Toplam ödünç verme sayısı Barkod Son görüntüleme tarihi Fiyatın geçerli olmaya başladığı tarih Koha materyal türü
        MAHMUT SAMİ RAMAZANOĞLU A.İ.H.L-2 MAHMUT SAMİ RAMAZANOĞLU A.İ.H.L-2 24.08.2025   10826539 27.08.2025 27.08.2025 Books